बोल बोलता करोडपती (Record no. 832707)

MARC details
000 -LEADER
fixed length control field 00552nam a2200169Ia 4500
008 - FIXED-LENGTH DATA ELEMENTS--GENERAL INFORMATION
fixed length control field 110201s9999 xx 000 0 und d
082 ## - DEWEY DECIMAL CLASSIFICATION NUMBER
Item number B7158
Classification number S 1059
100 ## - MAIN ENTRY--PERSONAL NAME
Personal name भावे राम
245 ## - TITLE STATEMENT
Title बोल बोलता करोडपती
260 ## - PUBLICATION, DISTRIBUTION, ETC. (IMPRINT)
Name of publisher, distributor, etc पुष्प प्रकाशन लि.
365 ## - TRADE PRICE
Price amount 160
600 ## - SUBJECT ADDED ENTRY--PERSONAL NAME
Personal name भावे राम
630 ## - SUBJECT ADDED ENTRY--UNIFORM TITLE
Uniform title बोल बोलता करोडपती
700 ## - ADDED ENTRY--PERSONAL NAME
Personal name भावे राम
730 ## - ADDED ENTRY--UNIFORM TITLE
Uniform title बोल बोलता करोडपती
942 ## - ADDED ENTRY ELEMENTS (KOHA)
Koha item type Book
Holdings
Withdrawn status Lost status Damaged status Not for loan Home library Current library Date acquired Cost, normal purchase price Total Checkouts Barcode Date last seen Cost, replacement price Price effective from Koha item type
        Prof.Manikrao Kirtane Vachanalaya, Vashi, Navi Mumbai Prof.Manikrao Kirtane Vachanalaya, Vashi, Navi Mumbai 02/01/2011 160.00   PMKV-B7158 02/01/2011 160.00 02/01/2011 Book